000 00527nam a2200193Ia 4500
005 20260526103921.0
008 131103s9999 xx 000 0 und d
040 _aLoreto College
041 _aEnglish
082 _a821.08A
_bTHI
245 _aAustralian poets speak
_cEdited by Colin Thiele and Ian Mudie
260 _aAdelaide
_bRigby
_c1961
300 _axi,166p.
504 _aIncludes index of poets
650 _aAustralian poetry - Collections
700 _aThiele , Colin ;ed.
850 _aLCLIB
942 _cBK
999 _c21070
_d71549